000 00317nam a2200133Ia 4500
005 20251222144827.0
008 251222s9999||||xx |||||||||||||| ||spa||
020 _a978-603-45178-2-0
082 _a336.205/O73
100 _aOrtega Salavarría, Rosa
245 0 _aReforma Tributaria
264 _bTinco
942 _cLIB
999 _c20709
_d20709